| 000 | 01057nam a22002897a 4500 | ||
|---|---|---|---|
| 999 |
_c5794 _d5794 |
||
| 003 | OSt | ||
| 005 | 20251112075713.0 | ||
| 008 | 251112b ||||| |||| 00| 0 eng d | ||
| 020 | _a9781481458481 | ||
| 035 | _a19225516 | ||
| 040 | _cKH8 | ||
| 082 | 0 | 0 | _a813.6 CYR |
| 100 | 1 |
_aCyrus, Kurt _eauthor |
|
| 245 | 1 | 0 |
_aShake a leg, egg! _cKurt Cyrus |
| 250 | _aFirst Edition | ||
| 264 | 1 |
_a1230 Avenue of the Americas,New York ,New York 10020 _bBeach Lane Books _c2017 |
|
| 300 |
_a18 pages _bcolor illustrations _c22 x 27 cm |
||
| 520 |
_a"It's springtime, and the pond is bursting with new life. There are beaver pups, heron hatchlings, and lots and lots of ducklings. Everyone is out and about, swimming, flapping, chirping, and quacking--except for one family of geese" _cProvided by publisher. |
||
| 650 | 1 | _aStories in rhyme. | |
| 650 | 1 |
_aGeese _vFiction |
|
| 650 | 1 |
_aSpring _vFiction |
|
| 650 | 1 |
_aAnimal infancy _vFiction |
|
| 650 | 1 | _aHumorous stories | |
| 650 | 7 |
_aJuvenile Fiction _2Ducks, Geese |
|
| 655 | 7 | _aFiction | |
| 942 |
_2ddc _cFIC |
||